000 00840nas a2200265 4500
001 BR2013002829
003 BR-BrBNA
005 20231205122201.0
007 ta
008 230509b bl.|||p| |||| 00| 00por d
040 _aBR-BrBNA
_bpor
_cBiblioteca Nacional de Agricultura
041 _a(Pt)
072 _aK10
100 1 _aMuñiz, G.I.B. de
100 1 _aMagalhães, W.L.E.
100 1 _aCarneiro, M.E.
100 1 _aViana, L.C.
245 1 _aFundamentos e estado da arte da espectroscopia no infravermelho próximo no setor de base florestal
650 _aMADEIRA
650 _aMÉTODO ESTATÍSTICO
650 _aRADIAÇÃO ELETROMAGNÉTICA
773 0 _tCiência Florestal (Brazil)
_xISSN 0103-9954
_g(Oct-Dec 2012), v. 22(4) p. 865-875
_wBR2013002829
909 _a202311
_bLúcia
_c55
_dLúcia Elande
942 _2AGRIS
_n0
_cANA
999 _c227343
_d227343